Servicios para la infancia : marco de referencia para políticas educativas en el ámbito municipal / [Àngel Forner, dir.] marco de referencia para políticas educativas en el ámbito municipal / [Àngel Forner, dir.]
ISBN:
84-7794-828-3
Descripción Física:
101 p. ; 30 cm
Colección:
Estudios ; 7
Otros Autores:
Forner, Àngel
MARC
| LEADER | 00000nam a2200000Ia 4500 | ||
|---|---|---|---|
| 001 | 13572 | ||
| 008 | 160829s9999 xx 000 0 cat d | ||
| 020 | |a 84-7794-828-3 | ||
| 080 | |a E-1-214 | ||
| 245 | |a Servicios para la infancia : |b marco de referencia para políticas educativas en el ámbito municipal / [Àngel Forner, dir.] | ||
| 260 | |a Barcelona : |b Diputació de Barcelona, Xarxa de Municipis, Àrea d'Educació, DL 2001 | ||
| 300 | |a 101 p. ; |c 30 cm | ||
| 490 | |a Estudios ; 7 | ||
| 590 | |a Bibliografia | ||
| 650 | |a Infants |x Serveis socials |x Barcelona (Província) |9 37939 | ||
| 700 | |a Forner, Àngel |9 37937 | ||
| 710 | |a Barcelona (Catalunya : Província). |b Àrea d'Educació |9 8009 | ||
| 901 | |a Arxiu | ||
| 942 | |n 1 | ||
| 952 | |0 0 |1 0 |4 0 |6 E1214 |7 1 |9 44559 |a Arxiu |b Arxiu |d 2016-12-01 |l 0 |o E-1-214 |p 13572 |r 2016-12-01 00:00:00 |w 2016-12-01 |y ARXIU | ||
| 999 | |c 47140 |d 47140 | ||